| 000 | 00540nam a22001937a 4500 | ||
|---|---|---|---|
| 005 | 20260202163235.0 | ||
| 008 | 260130b |||||||| |||| 00| 0 eng d | ||
| 020 |
_a9789359192987 _cRs. 1795.00 |
||
| 040 | _aMAIN | ||
| 082 |
_a338.19 _bP289V |
||
| 100 | _aPawase, Prashant Anil | ||
| 245 | _aValorization of agriculture waste: To enhance food security | ||
| 260 |
_bDaya Publishing House _c2026 _aNew Delhi |
||
| 300 | _axiv, 166 | ||
| 650 | _aEnvironmental Science | ||
| 650 | _aAgriculture | ||
| 650 | _aProduction | ||
| 942 | _cBK | ||
| 999 |
_c395733 _d395733 |
||